| 000 | 00395nam a22001577a 4500 | ||
|---|---|---|---|
| 005 | 20160426155956.0 | ||
| 008 | 160426b xxu||||| |||| 00| 0 eng d | ||
| 020 | _a81-203-0843-3 | ||
| 041 | _aeng | ||
| 082 | _b00178 | ||
| 100 |
_aKruse, Robert L. _982 |
||
| 245 | _aData Structures and Program Design in 'C' | ||
| 260 |
_aNew Delhi _bPrentice hall of India, _c2002 |
||
| 300 | _a525 | ||
| 942 | _cBK | ||
| 999 |
_c57 _d57 |
||